1747 1283 1886 1086 1699 1856 1775 1897 1338 1150 1047 1140 1840 1598 1998 1290 1010 1350 1511 1808 1176 1309 1830 1534 1217 1027 1171 1702 1420 1367 1434 1161 1230 1340 1949 1952 1811 1075 1466 1808 1292 1949 1003 1475 1951 1842 1499 1829 1514 1471 1317 1586 1683 1769 1269 1833 1412 1026 1432 1840 1344 1767 1684 1573 1765 1660 1466 1209 1907 1298 1555 1739 1913 1383 1266 1728 1904 1453 1090 1786 1070 1937 1691 1686 1124 1773 1115 1646 1276 1373 1251 1153 1595 1744 1633 1541 1975 1239 1624 BCNSPRNW ULIB Ver.6.0+V

เปลี่ยนเป็นภาษาไทย

Change to English
 แสดงรายละเอียดบรรณานุกรม
  กลับหน้าหลัก

Brief Record : Get Marc (ISO 2709) : E-mail record : QR code < ปิดหน้าต่าง
LEADER : 00000nam 2200000uu 4500
001    13399120184
003     ULIB
008    110627s2545||||th 000 0 tha d
099    วจ.WP565^bธ375ท
100 0  ธิติมา บุญเจริญ
245 00 ทัศนคติและพฤติกรรมเกี่ยวกับเพศสัมพันธ์ของนักศึกษาระดับอุดทศึกษาในจังหวัดนครสวรรค์/^cธิติมา บุญเจริญ
260    นครสวรรค์ :^bสำนักวิจัยและบริการวิชาการ,^c2545
300    13 หน้า
650  7 เพศสัมพันธ์^xวิจัย
650  7 นักศึกษา^xวิจัย
650  7 พฤติกรรมเสี่ยงทางเพศ^xวิจัย
945    ^p0^l0^i015855
995    ทศพร
999 ^a ใช้งานได้ทุกระบบ
รายการนี้ยังไม่มีแท็ก
คุณยังไม่ได้ล็อกอิน คุณสามารถมีกิจกรรมร่วมกับเว็บไซต์ได้ แต่ต้องล็อกอินก่อน ::
  ล็อกอิน

รายการสื่อสารสนเทศ

ลำดับที่ ประเภท เลขเรียก/บาร์โค้ด สถานที่ สถานะ
1. งานวิจัย
งานวิจัย
วจ.WP565 ธ375ท ฉ.1 
  Barcode: 015855
ห้องสมุดวิทยาเขตสวรรค์ประชารักษ์
►วิจัย
บนชั้น

รายการใกล้เคียง
    ผู้แต่ง [ธิติมา บุญเจริญ]

BibComment


ยังไม่เคยถูกคอมเมนท์

คอมเมนท์ทรัพยากรรายการนี้
  คอมเมนท์: ทัศนคติและพฤติกรร..


 Copyright 2026. Bcnsprnw @Library